00753nam a22002177a 4500003000500000005001700005008004100022010001000063011001000073035001000083040000900093100003500102245010500137260003900242300002200281502010600303650003500409650003000444650003700474650002400511CHAP20220329135705.0971013s1981 r 00010 d a40617 a41589 a45715 cCHAP00aFlores Guerrero, Jaime Adolfo.1 aEfecto antagónico de Trichoderma virede (PERS) Fries sobre Phymatotrichum omnivorum (SHEAR) Duggar aMonterrey, N.L. :bEl Autor,c1981 a57 h.b: gráfs. aTesis (Ing. Agr. en Producción Agropecuaria) -- ITESM. Div. de Ciencias Agropecuarias y Marítimas14aControl biológico de plagas.14aPhymatotrichum omnivorum.14aPudrición texana de la raíz.14aTrichoderma viride.